000 00612nam a2200181Ia 4500
003 GCL
008 140319s9999 xx 000 0 ara d
040 _aGCL /
_cGCL
082 0 4 _a621.38
_bا ت
100 1 _aامين فهمى
245 1 0 _aالتطبيقات العملية للموسيقى الالكترونية /
_cامين فهمى
260 _aبيروت :
_bدار الراتب الجامعية
300 _a208 ص ؛
_c24 سم
490 _aموسوعة عالم الالكترونيات
_v19
650 0 4 _aالموسيقى
650 0 4 _aالموسيقى الالكترونية
942 _2ddc
_cBK
999 _c53450
_d53450